SABISTONS TB. OF SURGERY 2 VOLUME SET (Record no. 21008)

MARC details
000 -LEADER
fixed length control field 00360nam a22001577a 4500
003 - CONTROL NUMBER IDENTIFIER
control field SGT
020 ## - INTERNATIONAL STANDARD BOOK NUMBER
International Standard Book Number 978131246573
082 ## - DEWEY DECIMAL CLASSIFICATION NUMBER
Classification number 617
Item number S20T
100 ## - MAIN ENTRY--PERSONAL NAME
Personal name TOWNSEND, COURTNEY M.
245 ## - TITLE STATEMENT
Title SABISTONS TB. OF SURGERY 2 VOLUME SET
250 ## - EDITION STATEMENT
Edition statement 20TH
260 ## - PUBLICATION, DISTRIBUTION, ETC. (IMPRINT)
Place of publication, distribution, etc INDIA
Name of publisher, distributor, etc ELSEVIR PUB
Year of Publication 2020
300 ## - PAGE DESCRIPTION
No. of Pages 1012, 2146
650 ## - SUBJECT ADDED ENTRY--TOPICAL TERM
Topical term or geographic name as entry element SURGERY
942 ## - ADDED ENTRY ELEMENTS (KOHA)
Source of classification or shelving scheme Dewey Decimal Classification
Koha item type Books
942 ## - ADDED ENTRY ELEMENTS (KOHA)
-- 3
Holdings
Withdrawn status Lost status Source of classification or shelving scheme Damaged status Not for loan Collection code Home library Current library Shelving location Date acquired Vendor Name Cost, normal purchase price Volume Information (Serial or Books or Non-Book Material) SGTU Bill Number Total Checkouts Full call number Accession No. (Barcode) Date last seen Bill Date Koha item type Date last borrowed
    Dewey Decimal Classification   Not For Loan MEDICAL SGT Medical Library SGT Medical Library Reference Book 02/04/2021 ABC DELHI 7850.00 VOLUME -I SGTU 12725   617 S20T FM12443 02/04/2021 19/02/2021 Books  
    Dewey Decimal Classification   Not For Loan MEDICAL SGT Medical Library SGT Medical Library Reference Book 02/04/2021 ABC DELHI 7850.00 VOLUME -I SGTU 12725   617 S20T FM12444 02/04/2021 19/02/2021 Books  
    Dewey Decimal Classification     MEDICAL SGT Medical Library SGT Medical Library Reference Book 02/04/2021 ABC DELHI   VOLUME -II SGTU 12725 5 617 S20T FM12445 14/07/2022 19/02/2021 Books 28/06/2022
    Dewey Decimal Classification   Not For Loan MEDICAL SGT Medical Library SGT Medical Library Reference Book 02/04/2021 ABC DELHI   VOLUME -II SGTU 12725   617 S20T FM12446 04/08/2021 19/02/2021 Books